Ekonomika pestovania obilnín na JRD Rozkvet Popudinské Močidlany záverečná práca postgraduálneho štúdia

Gespeichert in:
Bibliographische Detailangaben
1. Verfasser: Horváth, Imrich
Körperschaft: Vysoká škola ekonomická v Bratislave
Weitere Verfasser: Jurášek, Prokop
Format: Buch
Sprache:Slowakisch
Veröffentlicht: Bratislava 1987
Tags: Tag hinzufügen
Keine Tags, Fügen Sie das erste Tag hinzu!

MARC

LEADER 00000nam a2200000 4500
001 c031666
005 20230116095024.5
041 0 |a slo 
044 |a SK 
245 1 0 |a Ekonomika pestovania obilnín na JRD Rozkvet Popudinské Močidlany  |b záverečná práca postgraduálneho štúdia  |c Imrich Horváth ; Ved. práce Prokop Jurášek 
264 1 |a Bratislava  |c 1987 
300 |a 57 s. 
100 1 |a Horváth, Imrich 
700 1 |a Jurášek, Prokop 
710 2 |a Vysoká škola ekonomická v Bratislave